| 000 | 00632nam a2200253Ia 4500 | ||
|---|---|---|---|
| 005 | 20250425161937.0 | ||
| 008 | 250425s9999 xx 000 0 und d | ||
| 020 | _a968887292X | ||
| 041 | _aspa | ||
| 082 | _a621.942 | ||
| 100 | _aCAIN, TUBAL | ||
| 245 | 0 | _aSUJECION DE PIEZAS EN EL TORNO | |
| 250 | _a1A ED. | ||
| 260 | _aMEXICO | ||
| 260 |
_aMéxico _bGUSTAVO GILI _c1995 |
||
| 300 | _a118 | ||
| 500 | _aTítulo Traducido: WORKHOLDING IN THE LATHE | ||
| 650 | _aPIEZAS DE SUJECION | ||
| 650 | _aTORNEADO | ||
| 650 | _aTORNOS MECANICOS | ||
| 700 |
_aMANUEL GARGALLO _etraductor |
||
| 942 | _c01 | ||
| 010 | _a36053 | ||
| 999 |
_c219342 _d219342 |
||